Brawl Stars: Bea Skins by Picture - Statistics

General Stats
  • This quiz has been taken 56 times
    14 since last reset
  • The average score is 8 of 9
Answer Stats
Picture Answer % Correct
Gold Neko Bea
100%
Ladybug Bea
100%
Neko Bea
100%
True Gold Bea
100%
True Silver Bea
100%
AEB
89%
Bea Byte
89%
Mega Beetle Bea
89%
Archvillain Bea
78%
No matching quizzes found
Score Distribution
Percent of People with Each Score
Percentile by Number Answered
Your Score History
You have not taken this quiz since the last reset